Longest Queen Songs - Statistics

General Stats
  • This quiz has been taken 67 times
  • The average score is 6 of 21
Answer Stats
Album Length Song % Correct
A Night At The Opera 5:55 Bohemian Rhapsody
98%
A Night At The Opera 8:21 The Prophet's Song
60%
Queen II 6:32 The March Of The Black Queen
49%
The Works 5:47 Radio Ga Ga
40%
Innuendo 6:31 Innuendo
36%
Sheer Heart Attack 5:10 Brighton Rock
31%
Queen 6:23 Liar
31%
A Kind Of Magic 5:15 Who Wants To Live Forever
29%
Queen II 6:13 Father To Son
27%
Queen 5:42 Great King Rat
27%
A Kind Of Magic 5:10 One Vision
27%
News Of The World 6:26 It's Late
24%
The Works 5:09 Machines (or "Back To Humans")
22%
The Works 5:22 Keep Passing The Open Windows
13%
Made In Heaven 5:25 Made In Heaven
13%
A Day At The Races 5:52 Teo Toriatte (Let Us Cling Together)
13%
A Day At The Races 5:08 You Take My Breath Away
13%
The Miracle 5:01 The Miracle
9%
Made In Heaven 5:36 Heaven For Everyone
5%
The Miracle 5:44 Was It All Worth It
5%
Made In Heaven 5:24 You Don't Fool Me
4%
No matching quizzes found
Score Distribution
Percent of People with Each Score
Percentile by Number Answered
Your Score History
You have not taken this quiz